000 00468nam a22001937a 4500
003 MPLRDC
005 20220104124504.0
008 210129b ||||| |||| 00| 0 eng d
020 _a7-5015-0658-2
082 _a859.3 SEYL v.3
100 _a陈身恭等编写
245 _a趣味谜语
_c
250 _a一版一刷
260 _a
_b知识出版社
_c1992
300 _b
490 _a少儿娱乐园书系
650 _a谜语
942 _cBK
_o859.3 SEYL v.3
999 _c19735
_d19725